| 000 | 01697cam a22004454i 4500 | ||
|---|---|---|---|
| 003 | PE-LiUPU | ||
| 005 | 20250731172929.0 | ||
| 008 | 150617s1970 xxu rb 000 0 eng d | ||
| 035 | _a(Sirsi) a204284 | ||
| 040 |
_aPE-LiUPU _bspa _cPE-LiUPU _erda |
||
| 049 | _aPRUA | ||
| 082 | 0 | 4 |
_a231 _bA59 _221 |
| 100 | 1 |
_aAnderson, Roy Allan, _eautor. |
|
| 245 | 1 | 4 |
_aThe God-Man : _bHis nature and Work / _cRoy Allan Anderson, D.D. |
| 264 | 1 |
_aWashington : _bHerald Publishing, _c1970. |
|
| 300 |
_a245 páginas ; _c20 centímetros. |
||
| 336 |
_atext _2rdacontent |
||
| 337 |
_aunmediated _2rdamedia |
||
| 338 |
_avolume _2rdacarrier |
||
| 504 | _aBibliografía : páginas 157-160.. | ||
| 505 | 2 | _aWhat think ye of Christ? -- Our ounces of information -- The incarnation-God's supreme revelation -- Mary's part in the incarnation -- Christ baptism and the supernatural -- The transfiguracion -- The appeal of royal love -- The second cleansing of the temple -- By our law he ought to die -- The atonement -- The lord is risen indeed -- Carried up into heaven. | |
| 526 | _aSEG42 | ||
| 526 | _aSEG41 | ||
| 526 | _aSEG40 | ||
| 526 | _aSEG39 | ||
| 526 | _aP94 | ||
| 526 | _aP87 | ||
| 526 | _aP86 | ||
| 526 | _aP85 | ||
| 526 | _aP77 | ||
| 526 | _aP76 | ||
| 526 | _aP35 | ||
| 650 | 0 | 4 |
_aEncarnación _xJesus |
| 650 | 0 | 4 |
_aDios _xNaturaleza |
| 942 |
_2ddc _cBOOK |
||
| 994 |
_aC0 _bPEPRU |
||
| 596 | _a1 | ||
| 999 |
_a231 A59 _wLC _c20652 _i76064 _f2021-11-9 _g4 _lCCODEBUL1 _mBUL _p10.00 _r0 _sY _tBOOK _u2017-6-7 _xTEOLOGIA _PP85 _0COMPRA _o.STAFF. Colección Teología _d20652 |
||
| 980 |
_81 _gALBERTO SANCHEZ Responsable de Automatización |
||